00689nam a2200205Ia 4500001000700000003000500007008004100012010001100053040000900064100003500073245007300108260003600181300001800217440003100235500000500266503000500271650002900276650001400305650016400319Z_3294CHAP220113s1992 xx 000 0 und d a166403 cCHAP aTirado Torres, Jesús Alfonso aPastoreo intensivo programado /cpor Jesús Alfonso Tirado Torres aMéxico, D. F. :bFIRA,c1992 a28 p. ; ilus. aFIRA Boletín XXIII (239) a a aGanado bovinoxPastoreo  aPastoreo  aPastos tropicales I. Arellano García, José Abraham II. Espinoza de Saracho, Manuel III. Fideicomisos Instituidos en Relación con la agricultura. México